|
|
|
|
| LEADER |
00000nam#a22000001a#4500 |
| 001 |
00016520 |
| 003 |
AR-BaUAD |
| 005 |
20230908141623.0 |
| 008 |
951218s1958####bl#||||##||||||||#||por|d |
| 040 |
|
|
|a AR-BaUAD
|b spa
|c AR-BaUAD
|
| 041 |
|
|
|a por
|
| 044 |
|
|
|c br
|2 ISO3166-1
|
| 100 |
1 |
|
|a Lobo, Durval
|
| 245 |
1 |
0 |
|a O uso da terra :
|b um dos objetos do urbanismo como factor primordial da organizaçào social das cidades
|
| 260 |
|
|
|a Rio de Janeiro :
|b Conquista,
|c 1958
|
| 300 |
|
|
|a 148 p.
|
| 500 |
|
|
|a Tesis
|
| 653 |
|
|
|a USO DEL SUELO
|
| 653 |
|
|
|a URBANISMO
|
| 653 |
|
|
|a BRASIL
|
| 655 |
|
|
|a TEXTO
|
| 852 |
|
|
|c 108-4
|
| 952 |
|
|
|0 0
|1 0
|4 0
|6 1084
|7 0
|9 30017
|a AR-BaUAD
|b AR-BaUAD
|d 0000-00-00
|e donac. Migone
|g 25000.00
|i 16520
|l 0
|o 108-4
|p 5b1g416520
|r 2023-09-08 14:16:23
|w 2023-09-08
|y BK
|
| 990 |
|
|
|a Ej. No1 : 16520 . 23/6/1982 -- donac. Migone -- (25000 pesos).
|b ADM
|
| 990 |
|
|
|a U195
|b TD
|
| 990 |
|
|
|a AAQ00016520
|b CC
|
| 998 |
|
|
|a AAQ
|b Bibun 76
|
| 942 |
|
|
|c BK
|
| 999 |
|
|
|c 13908
|d 13908
|